<?xml version="1.0" encoding="UTF-8"?><?xml-stylesheet type="text/xsl" href="static/style.xsl"?><OAI-PMH xmlns="http://www.openarchives.org/OAI/2.0/" xmlns:xsi="http://www.w3.org/2001/XMLSchema-instance" xsi:schemaLocation="http://www.openarchives.org/OAI/2.0/ http://www.openarchives.org/OAI/2.0/OAI-PMH.xsd"><responseDate>2026-06-03T08:18:54Z</responseDate><request verb="GetRecord" identifier="oai:riuma.uma.es:10630/32406" metadataPrefix="marc">https://riuma.uma.es/rest/oai/request</request><GetRecord><record><header><identifier>oai:riuma.uma.es:10630/32406</identifier><datestamp>2026-02-03T11:24:46Z</datestamp><setSpec>com_10630_2254</setSpec><setSpec>col_10630_37953</setSpec></header><metadata><record xmlns="http://www.loc.gov/MARC21/slim" xmlns:dcterms="http://purl.org/dc/terms/" xmlns:doc="http://www.lyncode.com/xoai" xmlns:xsi="http://www.w3.org/2001/XMLSchema-instance" xsi:schemaLocation="http://www.loc.gov/MARC21/slim http://www.loc.gov/standards/marcxml/schema/MARC21slim.xsd">
   <leader>00925njm 22002777a 4500</leader>
   <datafield ind2=" " ind1=" " tag="042">
      <subfield code="a">dc</subfield>
   </datafield>
   <datafield ind2=" " ind1=" " tag="720">
      <subfield code="a">Cerezo-Medina, Alfonso</subfield>
      <subfield code="e">author</subfield>
   </datafield>
   <datafield ind2=" " ind1=" " tag="720">
      <subfield code="a">García-Mestanza, Josefa</subfield>
      <subfield code="e">author</subfield>
   </datafield>
   <datafield ind2=" " ind1=" " tag="720">
      <subfield code="a">Haro Aragú, Marina</subfield>
      <subfield code="e">author</subfield>
   </datafield>
   <datafield ind2=" " ind1=" " tag="260">
      <subfield code="c">2024</subfield>
   </datafield>
   <datafield ind2=" " ind1=" " tag="520">
      <subfield code="a">El objetivo de este estudio es determinar en qué medida, cuándo y cómo se ha incorporado la experiencia turística a los currículos de los títulos oficiales de Graduado en Turismo en España. Este estudio exploratorio también se justifica dado el descenso en el número de estudiantes matriculados en los Grados en Turismo en España desde 2015 hasta la actualidad. Para ello se ha partido de un análisis bibliométrico y se ha llevado a cabo un análisis de contenido de las memorias de verificación de los Grados en Turismo de universidades públicas y privadas españolas, con ATLAS.ti v.24, que permite señalar que existe un desfase temporal entre la realidad de la industria turística y esta formación universitaria. Por tanto, se necesita una mayor integración de la experiencia turística en los planes de estudios, especialmente a partir de la creación de asignaturas obligatorias y optativas que aborden esta temática. También se recomienda a las universidades que revisen sus planes de estudios para incorporar la experiencia turística de forma más significativa, siguiendo las recomendaciones de la Conferencia Española de Decanas y Decanos de Turismo (CEDTUR).&#xd;
&#xd;
Esta investigación posee implicaciones prácticas para la empleabilidad de los egresados en turismo, así como para el resto del ecosistema turístico, en la medida que ha permitido detectar una brecha entre las necesidades de las empresas y los programas educativos, efectuando recomendaciones para implementar acciones de mejora en las memorias de verificación de los Grados en Turismo.</subfield>
   </datafield>
   <datafield ind1="8" ind2=" " tag="024">
      <subfield code="a">Cerezo Medina, A., García Mestanza, J. ., &amp; Haro Aragú, M. . (2024). La experiencia turística en los planes de estudios universitarios de Grado en Turismo. Revista De Estudios Empresariales. Segunda Época, 2, 101-123. https://doi.org/10.17561/ree.n2.2024.8796</subfield>
   </datafield>
   <datafield ind1="8" ind2=" " tag="024">
      <subfield code="a">https://hdl.handle.net/10630/32406</subfield>
   </datafield>
   <datafield ind1="8" ind2=" " tag="024">
      <subfield code="a">10.17561/ree.n2.2024.8796</subfield>
   </datafield>
   <datafield tag="653" ind2=" " ind1=" ">
      <subfield code="a">Turismo - Estudio y enseñanza superior</subfield>
   </datafield>
   <datafield ind2="0" ind1="0" tag="245">
      <subfield code="a">La experiencia turística en los planes de estudios universitarios de Grado en Turismo.</subfield>
   </datafield>
</record>
</metadata></record></GetRecord></OAI-PMH>